000 00578nam a2200205 a 4500
003 PILC
005 20160306115320.0
008 050920s1977 xx 00 eng d
010 _aAcc#22513
020 _a0853643237
050 _aBP 603
_bEn73 1977
040 _cPhilippine Baptist Theological Seminary
100 1 0 _aEnroth, Ronald
245 1 0 _aYouth, brainwashing, and the extremist cults /
_cRonald Enroth.
260 0 _aGrand Rapids, MI :
_bZondervan,
_cc1977.
300 _a218 p. ; 22 cm.
650 _aCULTS
650 _aUNITED STATES
_xRELIGION
942 _cCB
_2lcc
999 _c9123
_d9123